| 000 | 00971nam a2200253Ia 4500 | ||
|---|---|---|---|
| 003 | OSt | ||
| 005 | 20220923211244.0 | ||
| 006 | a|||||r|||| 00| 0 | ||
| 007 | ta | ||
| 008 | 220922b |||||||| |||| 00| 0 pan d | ||
| 020 |
_a9788177701982 (hbk) _c200 |
||
| 024 | _a349,528 | ||
| 037 |
_b172, 15/02/2019, National Book Shop _cTextual |
||
| 040 |
_aARTS _cARTS _bpan |
||
| 041 |
_2pan _apan |
||
| 082 | _aO153:g, Q5 | ||
| 100 |
_aਭਾਟੀਆ, ਹਰਿਭਜਨ ਸਿੰਘ, ਂਚ. _9156325 |
||
| 245 | 0 |
_aਪੰਜਾਬੀ ਆਲੋਚਨਾ _b ਸਿੱਧਾਂਤ ਤੇ ਵਿਹਾਰ |
|
| 260 |
_aਅੰਮ੍ਰਿਤਸਰ _b ਗੁਰੂ ਨਾਨਕ ਦੇਵ ਯੂਨੀਵਰਸਿਟੀ _c2015 |
||
| 300 |
_a243ਪ0 _ccm. |
||
| 650 | _aਪੰਜਾਬੀ ਸਾਹਿਤ | ||
| 942 |
_hO153:g, Q5 _cTEXL _2CC |
||
| 999 |
_c297767 _d297767 |
||